Dunav

Bibliographic Details
Main Author: Magris, Claudio, 1939- (Author)
Other Authors: Avirović, Ljiljana (Translator)
Format: Book
Language:Croatian
Italian
PhysicalDescription:419 s. 23 cm
Published: [Zaprešić] Fraktura 2013
ISBN:9789532665116
Edition:1. vyd.
Subjects:

MARC

LEADER 00000nam a2200000 a 4500
001 vtls011558469
003 SK-MaSNL
005 20260425233214.0
008 240318s2013 ci 000 1dhrv
015 |a SNBZSA2016 
020 |a 9789532665116  |q (viazané) 
035 |a 3E8CB63A-E40E-497B-9839-DCE8DA5CB299 
035 |a urn:nbn:sk:snk-amtgpx 
035 |a urn:nbn:sk:snk-am00c1yu 
040 |a SNK  |b slo  |c SNK  |e AACR2 
041 1 |a hrv  |h ita 
044 |a ci  |c HR 
072 7 |a 821.131.1-3  |x Talianska próza  |2 konspekt 
080 |a 821.131.1-3  |2 2011 
080 |a (282.243.7)  |2 2011 
080 |a (0:82-4)  |2 2011 
100 1 |a Magris, Claudio,  |d 1939-  |4 aut  |9 182541 
245 1 0 |a Dunav  |c Claudio Magris ; prevela s talijanskog Ljiljana Avirović 
250 |a 1. vyd. 
260 |a [Zaprešić]  |b Fraktura  |c 2013 
300 |a 419 s.  |c 23 cm 
500 |a Obsahuje krátke údaje o autorovi a prekladateľovi 
546 |a Preložené z tal. jazyka 
650 0 7 |a talianska próza  |2 SNKPH  |9 1216 
650 0 7 |a Italian prose  |2 SNKPHeng  |9 437568 
651 7 |a Dunaj (rieka)  |2 SNKPH  |9 22602 
651 7 |a Danube River  |2 SNKPHeng  |9 162433 
655 7 |a eseje  |2 SNKPH  |9 57030 
655 7 |a Essays  |2 SNKPHeng  |9 267540 
700 |a Avirović, Ljiljana  |4 trl  |9 490305 
919 |a 978-953-266-511-6 
958 |a ZS 
958 |a NB 
999 |c 759549  |d 761479 
952 |a SNK  |b SNK  |y PREZ  |7 0  |p 17A1198304  |o snkSC 170391  |i snk2016/15581  |8 2  |g 22.55  |0 0  |1 0  |4 0  |d 2016-06-07  |f 1  |l 0  |r 2025-09-08 00:00:00  |w 2026-02-24